Gene structure and expression

This new edition of a highly successful undergraduate text is a concise yet fully informative guide to the structure and function of genes. It describes DNA and how it replicates, how DNA is transcribed and translated into proteins, the organization of genes in prokaryotes and eukaryotes, the contro...

Cur síos iomlán

Đã lưu trong:
Sonraí Bibleagrafaíochta
Príomhúdar: Hawkins, John D.
Formáid: Leabhar
Teanga:Undetermined
Foilsithe: Cambridge Cambridge University Press 1996
Ábhair:
Clibeanna: Cuir Clib Leis
Gan Chlibeanna, Bí ar an gcéad duine leis an taifead seo a chlibeáil!
Thư viện lưu trữ: Trung tâm Học liệu Trường Đại học Cần Thơ
LEADER 01254nam a2200181Ia 4500
001 CTU_138408
008 210402s9999 xx 000 0 und d
082 |a 572.84 
082 |b H393 
100 |a Hawkins, John D. 
245 0 |a Gene structure and expression 
245 0 |c John D. Hawkins 
260 |a Cambridge 
260 |b Cambridge University Press 
260 |c 1996 
520 |a This new edition of a highly successful undergraduate text is a concise yet fully informative guide to the structure and function of genes. It describes DNA and how it replicates, how DNA is transcribed and translated into proteins, the organization of genes in prokaryotes and eukaryotes, the control of gene expression, and the role of retroviruses and oncogenes in cancer. There are additional discussions of gene families, genes and the immune systems, and mitochondrial and chloroplast genomes. The new edition has been extensively updated, particularly in regard to recent advances in our understanding of replication and transcription. Undergraduates studying genetics will benefit from this established text. 
650 |a Gene expression,DNA,Molecular genetics,ADN,Mô tả gen,Gen phân tử 
980 |a Trung tâm Học liệu Trường Đại học Cần Thơ